| 000 | 01008cam a22003138a 4500 | ||
|---|---|---|---|
| 001 | 016294250 | ||
| 003 | OSt | ||
| 005 | 20201128021232.0 | ||
| 008 | 130227t2014 moua frb 001 0 eng d | ||
| 020 | _a9780323091787 (pbk.) | ||
| 040 |
_aStDuBDS _cStDuBDS _dEG-ScBUE |
||
| 082 | 0 | 4 |
_a616.028 _222 _bURD |
| 100 | 1 |
_aUrden, Linda Diann _936322 |
|
| 245 | 1 | 0 |
_aCritical care nursing : _bdiagnosis and management / _cLinda D. Urden, Kathleen M. Stacy, Mary E. Lough. |
| 250 | _a7th ed. | ||
| 260 |
_aMissouri : _bElsevier / Mosby, _cc.2014. |
||
| 300 |
_axxiii, 1207 p. : _bill. (col.) ; _c28 cm. |
||
| 500 | _aPrevious edition : 2009. | ||
| 500 | _aIndex : p. 1167-1207. | ||
| 504 | _aIncludes bibliographical references. | ||
| 650 | 7 |
_aIntensive care nursing. _2BUEsh _92174 |
|
| 650 | 7 |
_a Emergency nursing. _2BUEsh _92173 |
|
| 651 | _2BUEsh | ||
| 653 |
_bNNUR _cApril2015 |
||
| 655 |
_vreading book _934232 |
||
| 700 | 1 |
_aStacy, Kathleen M. _936323 |
|
| 700 | 1 |
_aLough, Mary E. _936324 |
|
| 942 | _2ddc | ||
| 999 |
_c19212 _d19184 |
||